| 000 | 00966nam a2200241 a 4500 | ||
|---|---|---|---|
| 001 | 49354 | ||
| 003 | BD-RjUL | ||
| 005 | 20211209054653.0 | ||
| 008 | 160820s1977 bg a|||| b||| 00| 0 ben d | ||
| 020 | _c: Tk. 30.00 | ||
| 035 | _a(BD-RjUL)49473 | ||
| 040 |
_aBD-RjUL _bben _cBD-RjUL |
||
| 041 | _aben | ||
| 082 |
_223 _a372.7 _bBEP 1977 |
||
| 100 |
_aবেগম, কামরুন্নেসা _9148196 |
||
| 245 | 1 | 0 |
_aপ্রাথমিক বিদ্যালয়ে গণিত শিক্ষাদান / _cকামরুন্নেসা বেগম |
| 260 |
_aঢাকা : _bবাংলা একাডেমী, _c১৯৭৭ |
||
| 300 |
_a[৮], ২৯৫ পৃ. : _bচিত্র ; _c১৯ সেমি. |
||
| 504 | _aগ্রন্থপঞ্জি সংযুক্ত | ||
| 650 |
_aপ্রাথমিক শিক্ষা _xগণিত _9148197 |
||
| 650 |
_aPrimary Education _xMathematics _9148198 |
||
| 942 |
_2ddc _cBK |
||
| 999 |
_c49354 _d49354 |
||